[Event "Dallas Novice op"]
[Site "Dallas"]
[Date "2001.10.27"]
[Round "1.15"]
[White "Boyd, Brian R"]
[Black "Ward, Tim"]
[Result "0-1"]
[WhiteElo "1219"]
[BlackElo "1367"]
[PlyCount "120"]
[EventDate "2001.10.27"]
[EventType "swiss"]
[EventRounds "5"]
[EventCountry "USA"]
[SourceTitle "EXT 2004"]
[Source "ChessBase"]
[SourceDate "2003.11.25"]
[SourceVersion "1"]
[SourceVersionDate "2003.11.25"]
[SourceQuality "1"]

1. e4 e5 2. Nf3 Nc6 3. d4 exd4 4. Nxd4 Nxd4 5. Qxd4 b6 6. Bc4 Bb7 7. 0-0 Qf6 8. Be3 Bd6 9. f4 0-0-0 10. Nc3 Bc5 11. Qd2 Bxe3+ 12. Qxe3 Nh6 13. Qe2 Qd4+ 14. Kh1 Rhe8 15. Ba6 d5 16. Bxb7+ Kxb7 17. e5 Nf5 18. Rad1 Qe3 19. Rf3 Qxe2 20. Nxe2 f6 21. Rfd3 fxe5 22. Rxd5 Rxd5 23. Rxd5 exf4 24. Rxf5 Rxe2 25. h3 Rxc2 26. Rxf4 Rxb2 27. Rf7 Rxa2 28. Rxg7 h5 29. Rh7 Ra5 30. Kg1 Rf5 31. Re7 Kc6 32. Re8 h4 33. Rh8 Rf4 34. Rh6+ Kb5 35. Rh7 Kc6 36. Rh6+ Kb7 37. Re6 a5 38. Kh2 c5 39. Kg1 Ka6 40. Rg6 Kb5 41. g3 hxg3 42. Rxg3 Kc4 43. Kg2 a4 44. Rg8 b5 45. Ra8 Kb3 46. Rb8 b4 47. Rc8 c4 48. Re8 a3 49. Re3+ c3 50. Kg3 Rd4 51. h4 Rxh4 52. Kxh4 a2 53. Re1 Kb2 54. Re4 b3 55. Re2+ c2 56. Kg3 a1Q 57. Kf2 Qa7+ 58. Kf3 Qf7+ 59. Kg2 Qg6+ 60. Kf2 Qf5+ 0-1